Word Ladder: He Is Not The Walrus Quiz Stats

 Plays Quiz Updated Jul 30, 2012

Support Sporcle.
Go Orange.
Score 0/41 Timer 03:00
0 Plays Today
HINT 4-Letter Word % Correct
♬ B.B., Rodney, or Martin Luther ____♬ KING ♬
94.6%
Actor ____ PittBRAD
93.6%
♬ ____ of Ages ♬♬ ROCK ♬
93.2%
♬ Mr. Jagger ♬♬ MICK ♬
86.7%
TenderheartedKIND
85.5%
Cheese or melon skinRIND
83.4%
Twain, Hamill, or HarmonMARK
81.8%
Peruse a paperbackREAD
80.4%
Wampum or Rosary unitBEAD
79.5%
____ The KnifeMACK
79.3%
Tailgating wurstBRAT
75.8%
Voter surveyPOLL
75.4%
Tear apartREND
74.4%
____ Of The WildCALL
73.9%
Apu's KWIK-E-____MART
73.2%
Guitarist's plectrumPICK
72.9%
Skull Island primate, to his friendsKONG
71.4%
True ____GRIT
70.3%
11th PresidentPOLK
69.2%
Acne scarPOCK
67.6%
Strong lagerBOCK
66.1%
HINT 4-Letter Word % Correct
Hit on the headBONK
65.9%
Sagan, Jung, or YastrzemskiCARL
65.8%
♬ Liverpudlian, e.g. ♬♬ BRIT ♬
64.9%
Woody Harrelson's hookahBONG
64%
♬ Musician/Inventor Les ____♬ PAUL ♬
63.6%
Coffin coverPALL
61.5%
Caraway, poppy, or fennelSEED
61.3%
♬ Shopper's wain ♬♬ CART ♬
59.4%
What the Romans called FranceGAUL
56.9%
Trot, canter, or gallopGAIT
56.9%
Shoe fillersFEET
56%
NYPD Blue actress ____ O'GradyGAIL
55%
Craft project fabricFELT
53.8%
'...will you still ____ me, when I'm 64?'FEED
53.7%
Exceeded the posted limitSPED
44.1%
Iron Age BritCELT
40.9%
'Graybar Hotel' roomCELL
39.1%
♬ Kind of sock or jerk? ♬♬ KNEE ♬
18.3%
Pocket battleship Graf ____SPEE
17.4%
Large knifeSNEE
12%

Today's Daily Dose

You're not logged in!

Compare scores with friends on all Sporcle quizzes.
OR
Log In

From the Vault

'Into' and 'Out Of' Song Titles

by JoeBeta

Hopefully you only get out of it when the song ends.
Remove Ads.
Support Sporcle.
Get the best of Sporcle when you Go Orange. This ad-free experience offers more features, more stats, and more fun while also helping to support Sporcle. Thank you for becoming a member.

Show Comments

Extras

Top Quizzes Today


Score Distribution

Your Account Isn't Verified!

In order to create a playlist on Sporcle, you need to verify the email address you used during registration. Go to your Sporcle Settings to finish the process.

Report this User

Report this user for behavior that violates our Community Guidelines.

Details: